[Event "M.Chigorin Memorial 2014"]
[Site "St. Petersburg"]
[Date "2014.10.26"]
[Round "9.104"]
[White "Smirnov, Mikhail"]
[Black "Hefner, Felix"]
[Result "0-1"]
[WhiteElo "2147"]
[BlackElo "1938"]
[PlyCount "80"]
[EventDate "2014.10.18"]

1. e4 e6 2. d4 d5 3. Nc3 Nf6 4. e5 Nfd7 5. f4 c5 6. Nf3 Nc6 7. Be3 a6 8. Be2 b5
9. a3 Qb6 10. Qd2 cxd4 11. Nxd4 Bc5 12. Rd1 Bb7 13. O-O Rc8 14. Rf3 O-O 15.
Nxc6 Bxe3+ 16. Qxe3 Bxc6 17. Rd4 Rfd8 18. Rh3 Nf8 19. Bd3 Bb7 20. f5 exf5 21.
Bxf5 Rc4 22. Ne2 Bc8 23. Bxc8 Rcxc8 24. Nc3 Ne6 25. Rxd5 Qxe3+ 26. Rxe3 Rxd5
27. Nxd5 Rxc2 28. b4 Kf8 29. Nc3 Nf4 30. Ne4 Rxg2+ 31. Kf1 Rxh2 32. Rf3 Rh1+
33. Kf2 Ne6 34. Nd6 Ng5 35. Rc3 Rh3 36. Rc6 Rxa3 37. Kg2 g6 38. Rc8+ Ke7 39.
Rc6 h5 40. Nb7 h4 0-1

[Event "M.Chigorin Memorial 2014"]
[Site "St. Petersburg"]
[Date "2014.10.26"]
[Round "9.105"]
[White "Bajaramov, Elvin"]
[Black "Semenenko, Sergey"]
[Result "1-0"]
[WhiteElo "1950"]
[BlackElo "2130"]
[PlyCount "85"]
[EventDate "2014.10.18"]

1. Nf3 Nf6 2. c4 c5 3. e3 e6 4. Nc3 Be7 5. g4 h6 6. b3 Nc6 7. Bb2 d5 8. cxd5
exd5 9. Na4 Bxg4 10. Rg1 d4 11. Rc1 Qd5 12. Rg3 Ne5 13. Bg2 Nd3+ 14. Kf1 Nxc1
15. Qxc1 Qf5 16. Nh4 Qd3+ 17. Kg1 O-O 18. exd4 Qb5 19. dxc5 Be6 20. d4 Nh5 21.
Rxg7+ Kxg7 22. d5+ Bf6 23. dxe6 fxe6 24. Qd1 Bxb2 25. Qxh5 Rf6 26. Nxb2 Rg8 27.
Qe5 Qd7 28. h3 Qd2 29. Nf3 Qc1+ 30. Kh2 Qf4+ 31. Qxf4 Rxf4 32. Nd3 Rf7 33. Nfe5
Rc7 34. b4 Rd8 35. Kg3 Rd4 36. Kf3 a5 37. a3 axb4 38. axb4 Rd8 39. Ke3 Kf6 40.
f4 Rg8 41. Bf3 Ke7 42. b5 Rg1 43. b6 1-0

[Event "M.Chigorin Memorial 2014"]
[Site "St. Petersburg"]
[Date "2014.10.26"]
[Round "9.106"]
[White "Smirnov, Timofey"]
[Black "Kokhnover, Ilya"]
[Result "1-0"]
[WhiteElo "2419"]
[BlackElo "1840"]
[PlyCount "52"]
[EventDate "2014.10.18"]

1. e4 c5 2. Nf3 e6 3. d4 cxd4 4. Nxd4 a6 5. Nc3 Qc7 6. Bd3 Nf6 7. O-O b5 8. a3
Nc6 9. Nb3 Ne5 10. f4 Nxd3 11. cxd3 d6 12. Be3 Bb7 13. Rc1 Qd8 14. Na2 Be7 15.
Qd2 Ng4 16. Bd4 Bf6 17. Bxf6 Nxf6 18. Qa5 Rc8 19. Rxc8 Bxc8 20. Rc1 Qxa5 21.
Nxa5 Kd7 22. Nb4 Ne8 23. Nac6 Nc7 24. Nb8+ Kd8 25. N8c6+ Ke8 26. Na7 Kd8 1-0

[Event "M.Chigorin Memorial 2014"]
[Site "St. Petersburg"]
[Date "2014.10.26"]
[Round "9.107"]
[White "Tseitlin, Mark D"]
[Black "Zhuk, Valeriy"]
[Result "0-1"]
[WhiteElo "2320"]
[BlackElo "2076"]
[PlyCount "128"]
[EventDate "2014.10.18"]

1. e4 e6 2. d4 d5 3. Nd2 Be7 4. Ngf3 Nf6 5. e5 Nfd7 6. c3 c5 7. Bd3 b6 8. h4 h6
9. h5 Ba6 10. Bxa6 Nxa6 11. O-O b5 12. Nh2 cxd4 13. cxd4 Qb6 14. Qg4 Kf8 15.
Nb3 Nb4 16. Be3 a5 17. Rfc1 Nd3 18. Rc2 a4 19. Nc5 Bxc5 20. dxc5 Qc6 21. f4 d4
22. Bxd4 Qe4 23. Bf2 Nxf4 24. Qf3 Qxf3 25. Nxf3 Nd3 26. c6 N7xe5 27. Nxe5 Nxe5
28. Rc5 f6 29. Bg3 Ke7 30. Bxe5 fxe5 31. Rxb5 Rhc8 32. Rb7+ Kd6 33. Rxg7 Rxc6
34. Rd1+ Kc5 35. Rg6 Rb6 36. Rxh6 Rxb2 37. Rxe6 Rxa2 38. Rxe5+ Kc6 39. Rf1 Rb2
40. Rf6+ Kd7 41. Rg5 a3 42. Rg7+ Ke8 43. Kh2 Ra5 44. Rh6 Kf8 45. Rc7 Kg8 46.
Rg6+ Kf8 47. Rf6+ Ke8 48. Rh6 Kd8 49. Rg7 Re2 50. Rb7 a2 51. Rh8+ Re8 52. Rb8+
Kc7 53. Rbxe8 a1=Q 54. Rh7+ Kd6 55. Rd8+ Kc5 56. Rc8+ Kb4 57. Rb8+ Ka3 58. Re8
Qd4 59. Rhh8 Qf4+ 60. Kh3 Rb5 61. Reg8 Rb3+ 62. g3 Qf5+ 63. Kh4 Rb4+ 64. g4
Qf6+ 0-1

[Event "M.Chigorin Memorial 2014"]
[Site "St. Petersburg"]
[Date "2014.10.26"]
[Round "9.108"]
[White "Abramov, Nikita"]
[Black "Androsov, Sergey"]
[Result "1-0"]
[WhiteElo "2318"]
[BlackElo "2059"]
[PlyCount "89"]
[EventDate "2014.10.18"]

1. e4 e5 2. Nf3 Nc6 3. Bc4 Be7 4. c3 Nf6 5. d3 O-O 6. O-O d6 7. a4 Bg4 8. a5 a6
9. Nbd2 d5 10. exd5 Nxd5 11. Re1 Nf4 12. h3 Be6 13. Bxe6 Nxe6 14. Nc4 f6 15. d4
Nf4 16. Bxf4 exf4 17. d5 Na7 18. Qb3 Bc5 19. Qxb7 Qd7 20. Qxa6 Qxd5 21. Rad1
Qc6 22. Qxc6 Nxc6 23. b4 Nxb4 24. cxb4 Bxb4 25. Re4 Bxa5 26. Nxa5 Rxa5 27. Rxf4
c5 28. Rc4 Rfa8 29. Rdc1 Ra1 30. Rxc5 Rxc1+ 31. Rxc1 Ra7 32. g3 Kf7 33. Kg2 Rb7
34. Rc8 g6 35. Nd4 Rd7 36. Nb5 Ke6 37. Rc7 Rd5 38. Nc3 Rd3 39. Ne2 Rd2 40. Nf4+
Kf5 41. Rc5+ Ke4 42. Ne6 Ra2 43. Rc7 h5 44. Nf4 h4 45. Rc4+ 1-0

[Event "M.Chigorin Memorial 2014"]
[Site "St. Petersburg"]
[Date "2014.10.26"]
[Round "9.109"]
[White "Shapfiullin, Ildar"]
[Black "Pisakov, Ilia"]
[Result "1-0"]
[WhiteElo "2050"]
[BlackElo "2303"]
[PlyCount "71"]
[EventDate "2014.10.18"]

1. d4 d5 2. Nf3 Nf6 3. Bf4 c5 4. e3 cxd4 5. exd4 Qb6 6. b3 Bg4 7. c3 e6 8. Bd3
Bd6 9. Be3 Nc6 10. Nbd2 Rc8 11. b4 O-O 12. h3 Bf5 13. Be2 Ne4 14. Nxe4 Bxe4 15.
O-O Ne7 16. Qb3 Nf5 17. Bd2 Bb8 18. Ne5 Nxd4 19. cxd4 Qxd4 20. Nd3 Qb6 21. Rac1
Qd6 22. Bf4 e5 23. Bxe5 Qg6 24. Nf4 Qg5 25. Bxb8 Rxb8 26. Qg3 Qe5 27. Bf3 Rfe8
28. Rfe1 Rbd8 29. Bxe4 dxe4 30. Rc5 Qd4 31. Qc3 Qd6 32. Nh5 Qg6 33. Nf4 Qh6 34.
Qg3 Qd6 35. Nh5 Qd4 36. Nxg7 1-0

[Event "M.Chigorin Memorial 2014"]
[Site "St. Petersburg"]
[Date "2014.10.26"]
[Round "9.110"]
[White "Dauletova, Gulmira"]
[Black "Lantini, Marco"]
[Result "1-0"]
[WhiteElo "2293"]
[BlackElo "2035"]
[PlyCount "51"]
[EventDate "2014.10.18"]

1. e4 c5 2. Nf3 e6 3. d4 cxd4 4. Nxd4 a6 5. c4 Nf6 6. Nc3 Qc7 7. a3 b6 8. Be3
d6 9. Be2 Bb7 10. f3 Nbd7 11. Rc1 Be7 12. O-O Rc8 13. b4 Qb8 14. Qd2 O-O 15.
Kh1 Bd8 16. Rc2 Re8 17. Na4 Bc7 18. Bg1 d5 19. exd5 exd5 20. c5 Bf4 21. Qd1
bxc5 22. bxc5 Bc6 23. Nb6 Nxc5 24. Qb1 Bb7 25. Nxc8 Qxc8 26. Nb3 1-0

[Event "M.Chigorin Memorial 2014"]
[Site "St. Petersburg"]
[Date "2014.10.26"]
[Round "9.111"]
[White "Ofitserian, Boris"]
[Black "Grachev, Andrey"]
[Result "1-0"]
[WhiteElo "2282"]
[BlackElo "2029"]
[PlyCount "99"]
[EventDate "2014.10.18"]

1. d4 d5 2. c4 e6 3. g3 Nf6 4. Bg2 Be7 5. Nf3 O-O 6. O-O dxc4 7. Qc2 a6 8. a4
Bd7 9. Rd1 Bc6 10. Nc3 Bxf3 11. Bxf3 Nc6 12. Bxc6 bxc6 13. a5 Rb8 14. Qa4 Bb4
15. Qxc6 Bxc3 16. bxc3 Qd5 17. Qxd5 Nxd5 18. Bd2 Rb2 19. Ra4 Rfb8 20. e4 Nf6
21. f3 R8b5 22. Rxc4 Rxa5 23. Rxc7 Kf8 24. Kf2 Raa2 25. Ke3 a5 26. Kd3 a4 27.
Ra7 h6 28. g4 Ne8 29. e5 a3 30. Bc1 Rb3 31. Kc4 Rb1 32. Rd2 Rxd2 33. Bxd2 Nc7
34. Rxa3 Nd5 35. Kd3 Rf1 36. Ke2 Rb1 37. Ra7 Ke8 38. c4 Nb6 39. Rb7 Rb2 40. c5
Nc4 41. Rxb2 Nxb2 42. f4 Ke7 43. Bc3 Nc4 44. Kd3 Na3 45. Bb4 Nb5 46. Kc4 Nc7
47. c6+ Ke8 48. Kc5 Nd5 49. Kd6 g6 50. f5 1-0

[Event "M.Chigorin Memorial 2014"]
[Site "St. Petersburg"]
[Date "2014.10.26"]
[Round "9.112"]
[White "Shuster, Andrei"]
[Black "Ovchinnikov, Vsevolod"]
[Result "0-1"]
[WhiteElo "2038"]
[BlackElo "2272"]
[PlyCount "81"]
[EventDate "2014.10.18"]

1. e4 e6 2. d4 d5 3. Nd2 Nc6 4. Ngf3 Nf6 5. e5 Nd7 6. Be2 f6 7. exf6 Qxf6 8.
Nf1 Bd6 9. Ne3 O-O 10. O-O Qg6 11. g3 Nf6 12. Nh4 Qe8 13. f4 Ne7 14. Ng4 Ne4
15. Bd3 Nf5 16. Nf3 b6 17. Kg2 Bb7 18. c3 c5 19. Qe2 cxd4 20. cxd4 Rc8 21. Be3
Qa4 22. b3 Qe8 23. Rac1 Ba3 24. Rxc8 Qxc8 25. Bd2 Be7 26. Rc1 Qd8 27. Nge5 Bd6
28. Nc6 Qd7 29. Nce5 Qe7 30. Ng4 Ba3 31. Rc2 a5 32. Bc1 Bb4 33. Bb2 Ra8 34. a4
Qe8 35. Nge5 Rc8 36. Bb5 Rxc2 37. Qxc2 Ne3+ 38. Kg1 Qxb5 39. axb5 Nxc2 40. Nd7
Ba3 41. Ba1 0-1

[Event "M.Chigorin Memorial 2014"]
[Site "St. Petersburg"]
[Date "2014.10.26"]
[Round "9.113"]
[White "Gorlanov, Vladislav"]
[Black "Gutkind, Kedem"]
[Result "0-1"]
[WhiteElo "2235"]
[BlackElo "1993"]
[PlyCount "80"]
[EventDate "2014.10.18"]

1. e4 e6 2. d4 d5 3. Nc3 Nf6 4. exd5 exd5 5. Bd3 Be7 6. h3 Nc6 7. Nf3 Nb4 8.
Bb5+ c6 9. Ba4 O-O 10. O-O a5 11. Bb3 Na6 12. Ne5 Nc7 13. Qf3 Ne6 14. Be3 Nd7
15. Nxd7 Bxd7 16. a4 f5 17. Ne2 f4 18. Nxf4 Nxf4 19. Bxf4 Bd6 20. Bxd5+ Kh8 21.
Bxd6 Rxf3 22. Bxf3 Bxh3 23. Bg3 Bf5 24. c3 Qb6 25. Rae1 Bd3 26. Be2 Bg6 27. Bc4
Qxb2 28. Re3 b5 29. axb5 cxb5 30. Bd5 Rc8 31. Rfe1 h6 32. Be6 a4 33. Be5 a3 34.
Rg3 Qc2 35. Bf7 Rf8 36. Bb3 Qxb3 37. Rxg6 Rf7 38. Rxh6+ Kg8 39. Rc6 a2 40. Rf1
Ra7 0-1

[Event "M.Chigorin Memorial 2014"]
[Site "St. Petersburg"]
[Date "2014.10.26"]
[Round "9.114"]
[White "Mamyrbay, Assad"]
[Black "Bebchuk, Boris"]
[Result "1-0"]
[WhiteElo "2063"]
[BlackElo "2204"]
[PlyCount "103"]
[EventDate "2014.10.18"]

1. e4 c5 2. Nf3 d6 3. d4 cxd4 4. Nxd4 Nf6 5. Nc3 a6 6. Be3 e6 7. f3 b5 8. Qd2
Nbd7 9. g4 h6 10. O-O-O b4 11. Nce2 d5 12. exd5 Nxd5 13. Bf2 Bb7 14. Kb1 Be7
15. h4 Rc8 16. Ng3 O-O 17. Ne4 Ne5 18. g5 h5 19. Bg3 Nc4 20. Bxc4 Rxc4 21. Qd3
Rc8 22. g6 f5 23. Nd2 Rf6 24. Be5 Rxg6 25. Rdg1 Rxg1+ 26. Rxg1 Nf6 27. Rxg7+
Kxg7 28. Nxe6+ Kf7 29. Nxd8+ Rxd8 30. Qe2 Rg8 31. Qf2 Nd7 32. Bd4 Bd5 33. b3
Rc8 34. Qe2 Rc6 35. f4 Rh6 36. Nc4 Be4 37. Nd2 Bd5 38. Nf3 Bd6 39. Ng5+ Kf8 40.
Qxa6 Ke7 41. Qd3 Be6 42. Nxe6 Kxe6 43. Qc4+ Ke7 44. Qd5 Bxf4 45. Qxf5 Bd2 46.
Qf2 Bc3 47. Bxc3 bxc3 48. Qe3+ Re6 49. Qxc3 Nf6 50. Qc7+ Kf8 51. a4 Re4 52. a5
1-0

[Event "M.Chigorin Memorial 2014"]
[Site "St. Petersburg"]
[Date "2014.10.26"]
[Round "9.115"]
[White "Snetkov, Ivan"]
[Black "Shkurkin, Nikolai"]
[Result "1-0"]
[WhiteElo "2011"]
[BlackElo "2204"]
[PlyCount "67"]
[EventDate "2014.10.18"]

1. e4 c6 2. d4 d5 3. e5 Bf5 4. h4 h5 5. c4 e6 6. Nc3 Nd7 7. Nge2 Be7 8. Ng3 Bg6
9. cxd5 cxd5 10. Be2 a6 11. Bf4 Rc8 12. Rc1 Kf8 13. Nxh5 Bxh4 14. g3 Be7 15.
Bf3 Bb4 16. Qb3 Qb6 17. Be3 Bd3 18. Be2 Bxe2 19. Kxe2 Bxc3 20. Rxc3 Rxc3 21.
Qxc3 Qb5+ 22. Kf3 Ke7 23. Qc8 Qc6 24. Qa8 Nxe5+ 25. Kg2 Ng4 26. Bg5+ f6 27.
Nxf6 Rxh1 28. Nxg4+ Nf6 29. Kxh1 Qb5 30. Kg2 Qxb2 31. Ne5 Qxd4 32. Qxb7+ Ke8
33. Qf7+ Kd8 34. Qd7# 1-0

[Event "M.Chigorin Memorial 2014"]
[Site "St. Petersburg"]
[Date "2014.10.26"]
[Round "9.116"]
[White "Trapeznikova, Darya"]
[Black "Altshul, Raffael"]
[Result "0-1"]
[WhiteElo "2036"]
[BlackElo "2174"]
[PlyCount "66"]
[EventDate "2014.10.18"]

1. Nf3 Nf6 2. c4 e6 3. d4 a6 4. Nc3 d5 5. g3 dxc4 6. Ne5 b5 7. Bg2 Ra7 8. e4
Bb7 9. Be3 Ra8 10. O-O Nbd7 11. f4 Bb4 12. Qc2 Nxe5 13. fxe5 Ng4 14. Qe2 Nxe3
15. Qxe3 O-O 16. Rad1 Qe7 17. Rf4 Rad8 18. Rg4 Kh8 19. Ne2 Rfe8 20. Nf4 c5 21.
d5 exd5 22. Nxd5 Qxe5 23. Qf2 Bxd5 24. exd5 Qe2 25. Bf3 Qxf2+ 26. Kxf2 c3 27.
bxc3 Bxc3 28. Kg2 f5 29. Rf4 g6 30. d6 Be5 31. Bc6 Re6 32. Rf3 Rdxd6 33. Rxd6
Rxd6 0-1

[Event "M.Chigorin Memorial 2014"]
[Site "St. Petersburg"]
[Date "2014.10.26"]
[Round "9.117"]
[White "Menkov, Aleksandr"]
[Black "Bezstrakhov, Dmitry"]
[Result "1-0"]
[WhiteElo "2170"]
[BlackElo "1987"]
[PlyCount "59"]
[EventDate "2014.10.18"]

1. e4 c5 2. Nf3 d6 3. d4 cxd4 4. Nxd4 Nf6 5. Nc3 e6 6. g4 Be7 7. g5 Nfd7 8. Rg1
Nc6 9. Be3 a6 10. f4 Qc7 11. Qf3 Nxd4 12. Bxd4 e5 13. Bf2 exf4 14. O-O-O Ne5
15. Nd5 Qc6 16. Qxf4 Be6 17. Rg3 Bxd5 18. exd5 Qc7 19. Bd4 O-O 20. Re1 b5 21.
Bd3 Nxd3+ 22. Rxd3 Rac8 23. c3 b4 24. Rde3 Bd8 25. Kb1 a5 26. Qf5 Rb8 27. Rh3
g6 28. Rxh7 Kxh7 29. Qh3+ Kg8 30. Qh8# 1-0

[Event "M.Chigorin Memorial 2014"]
[Site "St. Petersburg"]
[Date "2014.10.26"]
[Round "9.119"]
[White "Smiyan, Vladimir"]
[Black "Dilmukhametov, Artur"]
[Result "0-1"]
[WhiteElo "1994"]
[BlackElo "2157"]
[PlyCount "126"]
[EventDate "2014.10.18"]

1. d4 d5 2. Nf3 Nf6 3. Bf4 c5 4. c3 Nc6 5. e3 Qb6 6. Qb3 c4 7. Qxb6 axb6 8. Be2
Bf5 9. O-O h6 10. Nbd2 e6 11. Ne5 b5 12. a3 Be7 13. Rfe1 Nd7 14. Nxd7 Kxd7 15.
f3 g5 16. Bg3 Bg6 17. e4 h5 18. h3 f6 19. Bf2 Bd6 20. Nf1 Ne7 21. Rad1 Rhg8 22.
g3 Raf8 23. Rd2 h4 24. g4 Bf4 25. Rdd1 Ra8 26. Ra1 Bd6 27. Nd2 Bf4 28. Nf1 Ra5
29. Bd1 Rga8 30. Bc2 f5 31. Re2 dxe4 32. fxe4 fxg4 33. hxg4 Ng8 34. Kg2 h3+ 35.
Kxh3 Nf6 36. Ng3 Rh8+ 37. Kg2 Nxg4 38. Rh1 Raa8 39. Ree1 Rxh1 40. Rxh1 Rf8 41.
Bb1 Nxf2 42. Kxf2 Bc1+ 43. Ke2 Bxb2 44. Rh6 Rg8 45. Kd2 Bxa3 46. Bc2 b4 47.
Ba4+ Ke7 48. Bb5 Bb2 49. Bxc4 Bxc3+ 50. Ke3 Be1 51. Nf5+ Kf6 52. Nd6 Bh4 53.
Nf5 b5 54. Bb3 Be1 55. Kf3 g4+ 56. Kxg4 Bd2 57. e5+ Kf7 58. Nd6+ Ke7 59. Rh2
Be4+ 60. Kh3 Rh8+ 61. Kg3 Be1+ 62. Rf2 Bc6 63. d5 Bxd5 0-1

[Event "M.Chigorin Memorial 2014"]
[Site "St. Petersburg"]
[Date "2014.10.26"]
[Round "9.120"]
[White "Kuzmin, Egor"]
[Black "Mikhailov, Ivan"]
[Result "1-0"]
[WhiteElo "2154"]
[BlackElo "1959"]
[PlyCount "111"]
[EventDate "2014.10.18"]

1. c4 e5 2. Nc3 d6 3. g3 f5 4. Bg2 Nf6 5. d3 g6 6. Bg5 h6 7. Bd2 Bg7 8. Qc1 c6
9. e4 Be6 10. Nge2 Nbd7 11. O-O Nc5 12. Qc2 O-O 13. b4 Ncd7 14. h3 fxe4 15.
Nxe4 d5 16. Nd6 Qb8 17. c5 Ne8 18. Nxe8 Qxe8 19. Rae1 g5 20. f4 gxf4 21. gxf4
Qg6 22. Rf3 Kh8 23. Rg3 Qf7 24. Rf1 Qe7 25. fxe5 Rxf1+ 26. Bxf1 Bf5 27. Qc1
Bxe5 28. Bc3 Kh7 29. Qe3 Re8 30. Bxe5 Qxe5 31. Qxe5 Nxe5 32. Nd4 Bg6 33. Be2 b6
34. Kf2 bxc5 35. bxc5 Nd7 36. Nb3 Re7 37. Re3 Rxe3 38. Kxe3 Kg7 39. Nd4 Ne5 40.
Nb3 Bf5 41. Na5 Bd7 42. Kd4 Kf6 43. Bh5 Bxh3 44. Be8 Bg2 45. Nxc6 Nxc6+ 46.
Bxc6 Ke6 47. Be8 Ke7 48. Bh5 Kd7 49. Ke5 Kc6 50. d4 a5 51. Ke6 Kb5 52. Be8+ Kc4
53. Ke5 Bh3 54. c6 Bc8 55. Bd7 Ba6 56. c7 1-0

[Event "M.Chigorin Memorial 2014"]
[Site "St. Petersburg"]
[Date "2014.10.26"]
[Round "9.121"]
[White "Egorov, Daniil"]
[Black "Puzko, Danila"]
[Result "0-1"]
[WhiteElo "1974"]
[BlackElo "2154"]
[PlyCount "84"]
[EventDate "2014.10.18"]

1. e4 e6 2. d4 d5 3. Nc3 Bb4 4. Bd3 dxe4 5. Bxe4 Nf6 6. Bg5 Nbd7 7. Nf3 h6 8.
Bxf6 Nxf6 9. Qe2 O-O 10. O-O Nxe4 11. Qxe4 c6 12. a3 Bd6 13. Ne5 Qc7 14. h3 b6
15. Rfe1 Bb7 16. Qe2 a6 17. Nd3 Rfd8 18. Rad1 Be7 19. Qe3 Bg5 20. f4 Bf6 21.
Ne5 c5 22. dxc5 bxc5 23. Rxd8+ Rxd8 24. Rd1 Rxd1+ 25. Nxd1 g5 26. g3 Bxe5 27.
Qxe5 Qc6 28. Ne3 Qh1+ 29. Kf2 Qf3+ 30. Ke1 Qxg3+ 31. Kd2 Qxf4 32. Qxc5 h5 33.
Qb6 Be4 34. c4 g4 35. hxg4 hxg4 36. Qd8+ Kg7 37. Qh4 Bf3 38. Qf2 g3 39. Qg1 Qh4
40. Nf1 g2 41. Nh2 Bc6 42. Kc3 e5 0-1

[Event "M.Chigorin Memorial 2014"]
[Site "St. Petersburg"]
[Date "2014.10.26"]
[Round "9.122"]
[White "Filyanin, Daniil"]
[Black "Kalinin, Nikita"]
[Result "1-0"]
[WhiteElo "1947"]
[BlackElo "2152"]
[PlyCount "77"]
[EventDate "2014.10.18"]

1. e4 c5 2. Nf3 d6 3. d4 cxd4 4. Nxd4 Nf6 5. Nc3 a6 6. g3 e5 7. Nde2 Be6 8. Bg2
Be7 9. O-O O-O 10. h3 b5 11. Be3 Nbd7 12. f4 Nb6 13. b3 Qc7 14. Qe1 Bc8 15. g4
exf4 16. Nxf4 Bb7 17. g5 Nfd7 18. h4 Rac8 19. Bd4 Ne5 20. Ncd5 Nxd5 21. exd5
Rce8 22. Qc3 b4 23. Qxb4 Nd7 24. c4 Ne5 25. Qc3 Bc8 26. Rae1 f6 27. g6 Nxg6 28.
Nxg6 hxg6 29. Qg3 Kh7 30. Re2 Bd8 31. Rfe1 Rxe2 32. Rxe2 Qd7 33. b4 Re8 34. Bh3
f5 35. Bxf5 Qxf5 36. Rxe8 Qb1+ 37. Kg2 Bf5 38. Qe3 Bxh4 39. Rh8+ 1-0

[Event "M.Chigorin Memorial 2014"]
[Site "St. Petersburg"]
[Date "2014.10.26"]
[Round "9.123"]
[White "Pyatin, Alexander"]
[Black "Kiseleva, Arina"]
[Result "1-0"]
[WhiteElo "2142"]
[BlackElo "1922"]
[PlyCount "41"]
[EventDate "2014.10.18"]

1. e4 c5 2. Nf3 d6 3. d4 cxd4 4. Nxd4 Nf6 5. Nc3 Nc6 6. Bg5 e6 7. Qd2 a6 8. f4
Be7 9. O-O-O Bd7 10. Nf3 b5 11. Bxf6 gxf6 12. Kb1 Rc8 13. g3 Na5 14. f5 Nc4 15.
Bxc4 Rxc4 16. fxe6 fxe6 17. Qh6 Bf8 18. Qh5+ Ke7 19. e5 dxe5 20. Nxe5 Rc5 21.
Qf7# 1-0

[Event "M.Chigorin Memorial 2014"]
[Site "St. Petersburg"]
[Date "2014.10.26"]
[Round "9.124"]
[White "Manin, Viktor"]
[Black "Potapova, Margarita"]
[Result "1-0"]
[WhiteElo "2137"]
[BlackElo "1917"]
[PlyCount "73"]
[EventDate "2014.10.18"]

1. e4 c5 2. Nc3 d6 3. g3 Nc6 4. Bg2 g6 5. d3 Bg7 6. Bg5 Qa5 7. Qd2 e6 8. Nge2
Nge7 9. O-O h6 10. Be3 Nd4 11. Nc1 Nec6 12. Nb3 Qd8 13. Rab1 a6 14. Nd1 Nxb3
15. axb3 Nd4 16. b4 b5 17. bxc5 dxc5 18. b4 cxb4 19. e5 Rb8 20. Rxb4 Bxe5 21.
Rxd4 Bxd4 22. Bc6+ Ke7 23. Qb4+ Qd6 24. Qxd4 Qxc6 25. Qxh8 Bb7 26. Bc5+ Kd7 27.
Qd4+ Ke8 28. f3 Rd8 29. Qe3 Rd5 30. d4 Rf5 31. Kg2 g5 32. Nc3 g4 33. d5 Rxd5
34. Nxd5 Qxd5 35. Qd4 Qa2 36. Qd6 Qxc2+ 37. Kg1 1-0

[Event "M.Chigorin Memorial 2014"]
[Site "St. Petersburg"]
[Date "2014.10.26"]
[Round "9.125"]
[White "Ngnegevo, Filipp"]
[Black "Dobrovlyanskiy, Dmitriy"]
[Result "0-1"]
[WhiteElo "1936"]
[BlackElo "2117"]
[PlyCount "70"]
[EventDate "2014.10.18"]

1. e4 e6 2. d4 d5 3. Nd2 Nf6 4. e5 Nfd7 5. Bd3 c5 6. c3 Nc6 7. Ne2 cxd4 8. cxd4
f6 9. Nf4 Nxd4 10. Qh5+ Ke7 11. Ng6+ hxg6 12. exf6+ Nxf6 13. Qxh8 Kf7 14. Qh4
e5 15. Nf3 Nxf3+ 16. gxf3 Bf5 17. Bxf5 gxf5 18. O-O f4 19. Kh1 d4 20. Bd2 Qd5
21. Qh3 g5 22. Qg2 Bd6 23. Rfe1 Rg8 24. h3 Rh8 25. Kg1 Qe6 26. a3 Rxh3 27. Bb4
Bb8 28. Bc5 Qf5 29. Rac1 Rh4 30. Bxa7 Bxa7 31. Rc7+ Ke6 32. Rxb7 Bc5 33. Rg7 g4
34. Rc1 Bd6 35. fxg4 Rxg4 0-1

[Event "M.Chigorin Memorial 2014"]
[Site "St. Petersburg"]
[Date "2014.10.26"]
[Round "9.126"]
[White "Petukhov, Vasily N"]
[Black "Nasibullin, Iskander"]
[Result "0-1"]
[WhiteElo "2113"]
[BlackElo "1907"]
[PlyCount "88"]
[EventDate "2014.10.18"]

1. Nf3 d5 2. d4 c5 3. c4 e6 4. cxd5 exd5 5. g3 Nf6 6. Bg2 Be7 7. O-O O-O 8.
dxc5 Bxc5 9. a3 a6 10. b4 Be7 11. Bb2 Nc6 12. Nbd2 b5 13. Rc1 Bb7 14. Ne5 Qb6
15. Nb3 Nxe5 16. Bxe5 Ne4 17. Bc7 Qe6 18. Nd4 Qd7 19. Qd3 Rac8 20. Bf4 Bf6 21.
Nb3 Qe7 22. Bh3 Rc3 23. Rxc3 Nxc3 24. Bg4 Re8 25. Be3 Na4 26. Nd4 Nb2 27. Qb3
Nc4 28. Nf5 Qd8 29. Rd1 g6 30. Nd4 Qe7 31. Bc1 Qc7 32. Bf3 Ne5 33. Bg2 Nc4 34.
Bf4 Qb6 35. Be3 Nxe3 36. fxe3 Bg5 37. Rd3 Bxe3+ 38. Rxe3 Qxd4 39. Kf2 Rxe3 40.
Qxe3 Qxe3+ 41. Kxe3 d4+ 42. Kf2 Bxg2 43. Kxg2 f5 44. Kf3 Kf7 0-1

[Event "M.Chigorin Memorial 2014"]
[Site "St. Petersburg"]
[Date "2014.10.26"]
[Round "9.127"]
[White "Stasenko, Alexey"]
[Black "Dyakonova, Ekaterina"]
[Result "1/2-1/2"]
[WhiteElo "1874"]
[BlackElo "2112"]
[PlyCount "168"]
[EventDate "2014.10.18"]

1. e4 c6 2. d4 d5 3. exd5 cxd5 4. c4 Nf6 5. Nf3 g6 6. Nc3 Bg7 7. c5 O-O 8. Bf4
Nc6 9. a3 Bg4 10. Be2 Ne4 11. h3 Bxf3 12. gxf3 Nxc3 13. bxc3 e5 14. Be3 exd4
15. cxd4 Qf6 16. Rb1 Nxd4 17. Bxd4 Qxd4 18. Qxd4 Bxd4 19. Rxb7 Bxc5 20. O-O
Bxa3 21. Ra1 Bc5 22. Ra5 Rac8 23. Ba6 Rc6 24. Rd7 Bb6 25. Raxd5 Bxf2+ 26. Kxf2
Rxa6 27. Rb5 Rc8 28. Rb3 Rb6 29. Ra3 a6 30. Ra7 Rcc6 31. Kg3 Rf6 32. Rc3 Rb5
33. Ra3 Rbf5 34. Kg2 Kg7 35. Kg3 g5 36. Kg4 Kg6 37. Kg3 Rf4 38. Kg2 h5 39. Kg3
h4+ 40. Kg2 Kg7 41. Ra8 Rb6 42. Ra2 Rb3 43. Rf2 Ra4 44. Ra7 Ra1 45. Rc2 Rbb1
46. Kf2 Rf1+ 47. Kg2 Rg1+ 48. Kf2 Rg3 49. f4 Ra5 50. fxg5 Rf5+ 51. Ke2 Rg2+ 52.
Kd3 Rxc2 53. Kxc2 Rxg5 54. Rxa6 Rg3 55. Kd2 Rxh3 56. Ke2 Rb3 57. Kf2 f6 58. Ra4
h3 59. Kg1 Kg6 60. Rh4 Kg5 61. Rh8 f5 62. Kh2 Kg4 63. Rg8+ Kf4 64. Rh8 Re3 65.
Rg8 Ke4 66. Rc8 Kd3 67. Rf8 Rf3 68. Re8 f4 69. Re7 Re3 70. Rf7 Ke4 71. Re7+ Kf3
72. Rf7 Kg4 73. Rg7+ Kf5 74. Rf7+ Kg5 75. Rf8 Rg3 76. Rg8+ Kh4 77. Rh8+ Kg4 78.
Rg8+ Kf3 79. Rf8 Ke3 80. Rf7 Rf3 81. Re7+ Kf2 82. Rf7 Ke2 83. Rf8 Rf1 84. Kxh3
Kf3 1/2-1/2

[Event "M.Chigorin Memorial 2014"]
[Site "St. Petersburg"]
[Date "2014.10.26"]
[Round "9.128"]
[White "Kozhabekov, Adilkhan"]
[Black "Gantsevich, Aleksei"]
[Result "1-0"]
[WhiteElo "2107"]
[BlackElo "1955"]
[PlyCount "85"]
[EventDate "2014.10.18"]

1. Nf3 Nf6 2. d4 g6 3. Bg5 Bg7 4. Nbd2 d6 5. e4 O-O 6. Be2 c6 7. O-O Qc7 8. h3
Nbd7 9. Re1 e5 10. c3 Nb6 11. Bf1 Be6 12. a4 a5 13. Be3 Nfd7 14. Ng5 Rfe8 15.
Nxe6 fxe6 16. Nf3 d5 17. dxe5 Nxe5 18. Nd2 Nbc4 19. Nxc4 dxc4 20. Qc2 b5 21.
Red1 Rad8 22. Bg5 Rxd1 23. Rxd1 Nf7 24. Be3 Rd8 25. Ra1 Ne5 26. b3 Nd3 27. bxc4
bxc4 28. Rb1 Qe5 29. Bb6 Rd7 30. Qe2 Qxc3 31. Qg4 Qe5 32. Bxa5 Rf7 33. Bb6 c5
34. Bxd3 cxd3 35. a5 Rf4 36. Qg3 Qxe4 37. Rd1 d2 38. Qe3 Be5 39. g3 Qc2 40.
Rxd2 Qc1+ 41. Kg2 Rf8 42. Bxc5 Re8 43. Rd8 1-0

[Event "M.Chigorin Memorial 2014"]
[Site "St. Petersburg"]
[Date "2014.10.26"]
[Round "9.129"]
[White "Azimov, Ilyas"]
[Black "Belov, Nikita"]
[Result "0-1"]
[WhiteElo "1938"]
[BlackElo "2106"]
[PlyCount "50"]
[EventDate "2014.10.18"]

1. d4 Nf6 2. c4 g6 3. Nc3 Bg7 4. e4 d6 5. Nf3 O-O 6. Be2 e5 7. d5 Nbd7 8. O-O
Nc5 9. Qc2 a5 10. Be3 b6 11. Nd2 Ng4 12. Bxg4 Bxg4 13. a3 a4 14. Bxc5 bxc5 15.
Nxa4 Qg5 16. f3 Bd7 17. Nc3 Bh6 18. Rf2 Qh4 19. Nf1 Rfb8 20. b3 f5 21. Re2 f4
22. Nd1 g5 23. Nf2 g4 24. Nxg4 Bxg4 25. fxg4 Qxg4 0-1

[Event "M.Chigorin Memorial 2014"]
[Site "St. Petersburg"]
[Date "2014.10.26"]
[Round "9.130"]
[White "Bimiev, Ahmad"]
[Black "Nuritdinov, Nizomiddin"]
[Result "1-0"]
[WhiteElo "2090"]
[BlackElo "1898"]
[PlyCount "101"]
[EventDate "2014.10.18"]

1. c4 e6 2. g3 d5 3. cxd5 exd5 4. Nf3 c6 5. Bg2 Nf6 6. O-O Bd6 7. d3 O-O 8. Nc3
h6 9. e4 Nbd7 10. Re1 Re8 11. Qc2 Ne5 12. Nd2 Neg4 13. Nb3 Bc7 14. h3 Ne5 15.
d4 Ng6 16. e5 Nh7 17. f4 f5 18. Be3 Ngf8 19. Rac1 Bb6 20. a4 a5 21. Nd1 g6 22.
Nc5 Ne6 23. Nxe6 Bxe6 24. Nf2 Nf8 25. Bf1 Kg7 26. Bd3 Qd7 27. Kh2 Nh7 28. Rg1
Rh8 29. g4 Raf8 30. Rg2 Rf7 31. Rcg1 Nf8 32. Nh1 Bd8 33. gxf5 Bxf5 34. Bxf5
Qxf5 35. Qxf5 Rxf5 36. Ng3 Rf7 37. f5 g5 38. e6 Re7 39. Bf4 Bc7 40. Nh5+ Kh7
41. Bxc7 Rxc7 42. Nf6+ Kg7 43. Ne8+ Kg8 44. Nxc7 Rh7 45. Ne8 Re7 46. Nf6+ Kg7
47. Nh5+ Kh8 48. Re1 b5 49. axb5 cxb5 50. Rge2 a4 51. f6 1-0